Jozef Kerak, 1941 Drak

Zobrazenie: Pohľad na štvorhlavého draka skrídlami upleteného z drôtu

Bibliographic Details
Other Authors: Lašut, Filip, 1945-2012 (Photographer)
Format: Postcard
Language:Slovak
PhysicalDescription:1 pohľadnica farebná 11 x 15 cm
Published: [Vrútky] Filip Lašut Slovensko 1996
Series:Drotárske zbierky Považského múzea v Žiline
Subjects:

MARC

LEADER 00000ckm a2200000 a 4500
001 vtls001223685
003 SK-MaSNL
005 20260512123819.0
007 kp co
008 230718s1996 xo g 0kuslo
015 |a SNBG1997/0301023 
035 |a SNK000169894 
035 |a D2EDB377-DBC9-4C46-98A1-3FB26796F08C 
035 |a urn:nbn:sk:snk-km00giml 
040 |a SNK  |b slo  |c SNK  |e AACR2 
041 0 |a slo 
044 |a xo  |c SK 
072 7 |a 74  |x Kresba. Umelecké remeslá  |2 konspekt 
080 |a 745.5-023.871  |2 2011 
080 |a 679.7.027.6/.8  |2 2011 
080 |a 069.5  |2 2011 
080 |a 7(084.121)  |2 2011 
080 |a 739.5:069.6.02:73/76(084.121)  |2 1981 
080 |a 069.6.02:73/76  |2 1981 
100 1 |a Lašut, Filip,  |d 1945-2012  |4 pht  |4 pbl  |9 151668 
245 1 0 |a Jozef Kerak, 1941  |h grafika  |b Drak  |c foto a vydanie Filip Lašut Slovensko 
260 |a [Vrútky]  |b Filip Lašut Slovensko  |c 1996  |e Skalica  |f Grafobal 
300 |a 1 pohľadnica  |b farebná  |c 11 x 15 cm 
490 1 |a Drotárske zbierky Považského múzea v Žiline 
500 |a Na adresnej časti uvedené: "Považské múzeum Žilina" 
500 |a Na adresnej časti uvedené: "Vydané pre Považské múzeum v Žiline, 1996" 
500 |a Na adresnej časti uvedené: "Foto a vydanie © Filip Lašut Slovensko" 
520 8 |a Zobrazenie: Pohľad na štvorhlavého draka skrídlami upleteného z drôtu 
650 0 7 |a drotárstvo  |2 SNKPH  |9 31752 
650 0 7 |a zbierky  |2 SNKPH  |9 247422 
655 7 |a pohľadnice umeleckých diel  |2 SNKPH  |9 81593 
810 2 |a Považské múzeum  |t Drotárske zbierky  |9 389950 
852 |a Slovenská národná knižnica 
954 |a pohľadnice pôvodné (slovenské)  |2 lita 
958 |a GBN 
958 |a GC 
958 |a OND 
958 |a EUIPO 
999 |c 797461  |d 799391 
952 |t P60, <04>, [BOOK], {604}  |a SNK  |b SNK  |y PREZ  |7 0  |p 17A1282179  |o snkSP 147828 D1  |i snkPV 33/97  |0 0  |1 0  |4 0  |d 1997-01-29  |l 0  |r 2005-01-01 00:00:00  |w 2026-02-24 
952 |t P60, <03>, [BOOK], {603}  |a SNK  |b SNK  |y PREZ  |7 0  |p 17A1282136  |o snkSP 147828  |i snkPV 32/97  |0 0  |1 0  |4 0  |d 1997-01-29  |f 1  |l 0  |r 2005-01-01 00:00:00  |w 2026-02-24